| 000 | 00518nam a2200193 a 4500 | ||
|---|---|---|---|
| 001 | 5921 | ||
| 003 | CDMR | ||
| 005 | 20130315095405.0 | ||
| 008 | 130220s1990||||||||||||||||||||||||||||d | ||
| 040 |
_aCDMR _bcat _cCDMR |
||
| 100 | 1 |
_aJardí, Enric _9359 |
|
| 245 | 1 | 0 |
_aEugeni d'Ors _b: obra i vida _cEnric Jardí |
| 260 |
_aBarcelona _bQuaderns Crema _c1990 |
||
| 300 |
_a429 p ; _c20 cm |
||
| 490 | 0 |
_aSèrie gran _v7 |
|
| 600 | 1 |
_91050 _aOrs, Eugeni d' |
|
| 650 |
_aPeriodistes catalans _vBiografies _94 |
||
| 942 |
_cMON _2udc |
||
| 999 |
_c5921 _d5921 |
||